000 00339 a2200157 4500
001 181940
020 _a
040 _cMagnum
100 _aTelles, Carlos Queiroz
240 1 0 _aTem bicho no parquinho
_lpor
245 1 0 _aTem bicho no parquinho
362 0 _a1899
440 1 _aScipione
697 _aMAGNITO: I/ANIMAIS
942 _cBK
999 _c181940
_d181940